Los placeres del parecido: Icono y representación
Сохранить в:
| Главный автор: | |
|---|---|
| Формат: | |
| Язык: | испанский |
| Опубликовано: |
Madrid
Visor
1988
|
| Серии: | La balsa de la Medusa, 12
|
| Предметы: | |
| Метки: |
Добавить метку
Нет меток, Требуется 1-ая метка записи!
|
MARC
| LEADER | 00000nam a2200000 a 4500 | ||
|---|---|---|---|
| 001 | UCV7631 | ||
| 003 | CL-VaPUC | ||
| 008 | 890406e19880000SP |||||||||||||||||spa|d | ||
| 082 | 0 | 4 | |a 701.17 |b PER |2 21 |
| 100 | 0 | |a Perez Carreño, Francisca |e author |9 301763 | |
| 245 | 1 | 4 | |a Los placeres del parecido: Icono y representación |
| 300 | |a 209 p | ||
| 942 | |c BK | ||
| 945 | |d 19890406 00:00:00 |a aalvarez | ||
| 260 | |a Madrid |b Visor |c 1988 | ||
| 650 | 7 | |a ESTETICA ARTE |2 CL-VaPUC |9 264977 | |
| 583 | |a last modification |c 19890406 00:00:00 |k Rodrigo Vera | ||
| 490 | 0 | |a La balsa de la Medusa, 12 | |
| 999 | |c 213276 |d 213274 | ||
| 952 | |0 0 |1 0 |4 0 |6 701_170000000000000_PER_1988 |7 0 |8 P |9 195495 |a BIBARQ |b BIBARQ |d 2019-11-14 |i 263547K |o 701.17 PER 1988 |p 263547K |r 2025-01-20 |w 2019-11-14 |y BK |k ARQ | ||